000 01151cam a2200205 4500
001 WB3819-12
008 020521n2002 000 0 eng u
035 _a(Sirsi) u118069
245 _aCrackdown on faulty home electrics
260 _c2002
490 _aDTLR News Release
_v(214) 21 May 2002, (3)
520 _aGovernment proposes to bring electrical safety within the controls of the Building Regulations to stop the increased risk of electrical accidents in the home caused by faulty installations. The consultation paper, "Proposals for new safety requirements for electrical installation work in dwellings" will bring England and Wales in line with Scotland where Building Regulations already tackle electrical safety issues. Responses required by 13 September 2002. Consultation paper available at http://www.safety.dtlr.gov.uk/bregs/consult/electric/index.htm. http://www.press.dtlr.gov.uk/pns/DisplayPN.cgi?pn_id=2002_0214
590 _aWB
650 _aBUILDING REGULATIONS
_96224
650 _aELECTRICAL INSTALLATIONS
650 _aELECTRICAL SAFETY
650 _aDWELLINGS
690 _aHEALTH AND SAFETY
_96244
942 _n0
999 _c70308
_d70308